Modern's Abc Science Physics-X (Record no. 11671)

MARC details
000 -LEADER
fixed length control field 00267nam a22000977a 4500
008 - FIXED-LENGTH DATA ELEMENTS--GENERAL INFORMATION
fixed length control field 191126b ||||| |||| 00| 0 eng d
020 ## - INTERNATIONAL STANDARD BOOK NUMBER
International Standard Book Number 9789351848905
100 ## - MAIN ENTRY--PERSONAL NAME
Personal name Batra Sunil Er
9 (RLIN) 7373
245 ## - TITLE STATEMENT
Title Modern's Abc Science Physics-X
260 ## - PUBLICATION, DISTRIBUTION, ETC. (IMPRINT)
Place of publication, distribution, etc. New Delhi
Name of publisher, distributor, etc. Modern Publishers
Holdings
Withdrawn status Lost status Source of classification or shelving scheme Damaged status Koha normalized classification for sorting Not for loan Home library Current library Shelving location Date acquired Total Checkouts Total Renewals Full call number Barcode Date last seen Date last checked out Price effective from Koha item type
    Dewey Decimal Classification   BAT_530_000000000000000_J5   Good Samaritan School Library Good Samaritan School Library Physics 11/26/2019 5 1 BAT530 J-5 BAT15599 02/25/2020 02/25/2020 11/26/2019 BOOK

Powered by Koha